[Event "RSA-chT U18"]
[Site "Cape Town"]
[Date "2016.01.04"]
[Round "1.10"]
[White "Kilian, Duan"]
[Black "Mbele, Reabetswe"]
[Result "1-0"]
[WhiteElo "942"]
[BlackElo "476"]
[PlyCount "51"]
[EventDate "2016.01.04"]
[EventType "team-tourn"]
[EventRounds "7"]
[EventCountry "RSA"]
[SourceTitle "CBM 170 Extra"]
[Source "ChessBase"]
[SourceDate "2016.02.25"]
[SourceVersion "1"]
[SourceVersionDate "2016.02.25"]
[SourceQuality "1"]
[WhiteTeam "Tshwane"]
[BlackTeam "Sedibeng"]
[WhiteTeamCountry "RSA"]
[BlackTeamCountry "RSA"]

1. e4 e5 2. Nf3 g6 3. Nxe5 Nf6 4. Nc3 Nc6 5. Nf3 Bg7 6. Bc4 d6 7. Ng5 0-0 8. 0-0 Ne5 9. d3 h6 10. Nf3 Bg4 11. Bd5 c6 12. Bb3 Kh7 13. d4 Ned7 14. d5 c5 15. Nb5 Qb6 16. Bc4 Nxe4 17. Qe2 Bf5 18. Bd3 Ndf6 19. Nh4 Nxd5 20. Bxe4 Nf4 21. Bxf4 Bxe4 22. Nxd6 g5 23. Qxe4+ Kg8 24. Be5 gxh4 25. Qg4 Rfe8 26. Qxg7# 1-0